MDQL
is popping MORE tags! Check the
thread
!
Quizzes
Events
Quiz Creation
Community
Videos
Private Events
Remove Ads
Sign In
Join for FREE
Feedback
Dark Mode
Quiz Categories
Sports
Geography
Music
Movies
Television
Just For Fun
Miscellaneous
History
Literature
Language
Science
Gaming
Entertainment
Religion
Holiday
For Kids
Quiz Lab
Recent
Popular Today
Quiz Kudos Today
Editor Picks
Curator Picks
Quizzes by...
Day
Popularity
Type
Ratings
Length
Year
Community
Subscriptions
Recent Discussions
Orange Saloon
Badges
Playlists
Quests
Create
Leaderboards
Showdown
Live 5
Trivia Bingo
Activity
Puzzle Library
Sporcle Events
Private Events
Virtual Trivia
Globe League
Become a Host
Pub Owners
SporcleCon
Opinionation
Our Games
Videos
Blog
Mobile Apps
Partnerships
Remove Ads and Go Orange
Feedback
Sports
Athletes
MLB
NBA
NHL
NFL
Soccer
Sports Teams
WWE
NCAA
Football
Premier League
Basketball
Baseball
Hockey
Golf
Tennis
Cricket
Rugby
Auto Racing
Olympics
World Cup
Sports
Athletes
MLB
NBA
NHL
NFL
Soccer
Sports Teams
WWE
NCAA
Football
Premier League
Basketball
Baseball
Hockey
Golf
Tennis
Cricket
Rugby
Auto Racing
Olympics
World Cup
Random Quiz
Search Sporcle
×
Quiz Lab
Quiz Lab
Sports
WWE
Type in answers that appear in a list
Type in answers that appear in a list
Classic
Best Score? Go Orange.
Kofi Kingston WWE PPV Opponents, Pt. 1 Stats
Can you name the Kofi Kingston WWE PPV Opponents up to Super ShowDown '20?
By
dudemanbearpig
20m
294 Questions
3,586 Plays
3,586 Plays
3,586 Plays
Comments
Comments
Give Quiz Kudos
Give Quiz Kudos
-
- Ratings
hide this ad
Replay
Link that replays current quiz
Next Quiz
Link to next quiz in quiz playlist
You Got
0%
They Got
Avg Score
48%
Avg Friend Score
Upgrade to see
Score Distribution
Jump to the score distribution portion of the page
Score
0/294
Timer
20:00
0
Plays Today
PPV
Opponent
% Correct
Elimination Chamber '19
Randy Orton
93.7%
Money in the Bank '15
Randy Orton
93.4%
SummerSlam '19
Randy Orton
93.3%
Clash of Champions '19
Randy Orton
93.3%
Survivor Series '08
Randy Orton
92.8%
Survivor Series '09
Randy Orton
92.8%
TLC '09
Randy Orton
92.8%
Elimination Chamber '10
Randy Orton
92.8%
Super ShowDown '20
The Miz
92.8%
Royal Rumble '11
Randy Orton
92%
Money in the Bank '18
The Miz
91.6%
Super ShowDown '19
Dolph Ziggler
91.2%
Stomping Grounds
Dolph Ziggler
91.2%
Crown Jewel '19
Dolph Ziggler
91.2%
Elimination Chamber '19
Daniel Bryan
91.1%
WrestleMania XXXV
Daniel Bryan
91.1%
WrestleMania XXXII
Sheamus
90.9%
Roadblock: End of the Line
Sheamus
90.9%
Royal Rumble '17
Sheamus
90.9%
Super ShowDown '18
Sheamus
90.9%
Crown Jewel
Sheamus
90.9%
TLC '18
Sheamus
90.9%
Fastlane '19
Sheamus
90.9%
Money in the Bank '15
Sheamus
90.8%
Night of Champions '09
The Miz
90.6%
Breaking Point
The Miz
90.6%
Hell in a Cell '09
The Miz
90.6%
Bragging Rights '10
The Miz
90.6%
Elimination Chamber '12
The Miz
90.4%
WrestleMania XXVIII
The Miz
90.3%
Hell in a Cell '12
The Miz
90.1%
Money in the Bank '15
Dolph Ziggler
89.6%
WrestleMania XXV
Kane
89.6%
Bragging Rights '09
Kane
89.6%
WrestleMania XXVI
Kane
89.6%
Money in the Bank '10
Kane
89.6%
Survivor Series '15
Jimmy Uso
89.5%
Survivor Series '15
Jey Uso
89.5%
TLC '15
Jimmy Uso
89.5%
TLC '15
Jey Uso
89.5%
Royal Rumble '16
Jimmy Uso
89.5%
Royal Rumble '16
Jey Uso
89.5%
Survivor Series '16
Jimmy Uso
89.5%
Survivor Series '16
Jey Uso
89.5%
Money in the Bank '17
Jimmy Uso
89.5%
Money in the Bank '17
Jey Uso
89.5%
Battleground '17
Jimmy Uso
89.5%
Battleground '17
Jey Uso
89.5%
TLC '13
The Miz
89.5%
Clash of Champions '17
Jimmy Uso
89.4%
Clash of Champions '17
Jey Uso
89.4%
Fastlane '18
Jimmy Uso
89.4%
Fastlane '18
Jey Uso
89.4%
WrestleMania XXXIV
Jimmy Uso
89.4%
WrestleMania XXXIV
Jey Uso
89.4%
TLC '18
Jimmy Uso
89.4%
TLC '18
Jey Uso
89.4%
Night of Champions '12
Kane
89.1%
Elimination Chamber '10
John Cena
88.6%
Royal Rumble '10
John Cena
88.6%
Survivor Series '17
Seth Rollins
88.5%
WrestleMania XXVI
Dolph Ziggler
88.5%
Money in the Bank '10
Dolph Ziggler
88.5%
SummerSlam '10
Dolph Ziggler
88.5%
Night of Champions '10
Dolph Ziggler
88.5%
Roadblock: End of the Line
Cesaro
88.3%
Royal Rumble '17
Cesaro
88.3%
Survivor Series '11
Dolph Ziggler
88.3%
Super ShowDown '18
Cesaro
88.3%
Crown Jewel
Cesaro
88.3%
TLC '18
Cesaro
88.3%
Fastlane '19
Cesaro
88.3%
Elimination Chamber '12
Dolph Ziggler
88.2%
Payback '15
Cesaro
88.1%
Elimination Chamber '15
Cesaro
88.1%
WrestleMania XXVIII
Dolph Ziggler
88.1%
Over the Limit '12
Dolph Ziggler
88.1%
TLC '10
Dolph Ziggler
87.9%
Survivor Series '12
Dolph Ziggler
87.9%
Survivor Series '17
Roman Reigns
87.7%
WrestleMania XXV
CM Punk
87.6%
Survivor Series '09
CM Punk
87.6%
Bragging Rights '10
CM Punk
87.6%
Money in the Bank '15
Roman Reigns
87.5%
Elimination Chamber '13
Dolph Ziggler
87.5%
Elimination Chamber '12
CM Punk
87.5%
Elimination Chamber '10
Sheamus
87.3%
Bragging Rights '10
Sheamus
87.3%
Money in the Bank '11
The Miz
87.2%
Royal Rumble '12
Sheamus
87.2%
Elimination Chamber '19
Jeff Hardy
87.1%
Money in the Bank '14
Dolph Ziggler
87%
Super ShowDown '20
John Morrison
86.8%
Money in the Bank '15
Kane
86.8%
WrestleMania XXX
Sheamus
86.7%
Survivor Series '17
Dean Ambrose
86.5%
Capitol Punishment
Dolph Ziggler
85.9%
Night of Champions '11
The Miz
85.9%
PPV
Opponent
% Correct
Extreme Rules '11
Sheamus
85.7%
Night of Champions '08
Chris Jericho
85%
Bragging Rights '09
Chris Jericho
85%
Night of Champions '12
Daniel Bryan
84.9%
Elimination Chamber '12
Chris Jericho
84.8%
Battleground '14
Cesaro
83.8%
Extreme Rules '15
Cesaro
83.8%
Hell in a Cell '11
Dolph Ziggler
83.7%
Royal Rumble '16
Chris Jericho
83.6%
WrestleMania XXXIV
Harper
83.6%
Vengeance '11
Dolph Ziggler
83.3%
Money in the Bank '14
Dean Ambrose
83.3%
Survivor Series '08
Cody Rhodes
83.3%
Survivor Series '09
Cody Rhodes
83.3%
Money in the Bank '10
Cody Rhodes
83.3%
Survivor Series '10
Cody Rhodes
83.3%
Money in the Bank '14
Seth Rollins
83.3%
Survivor Series '11
Cody Rhodes
83%
Extreme Rules '13
Dean Ambrose
83%
Battleground '16
Bray Wyatt
82.9%
Money in the Bank '10
The Big Show
82.8%
Royal Rumble '13
Cody Rhodes
82.7%
WrestleMania XXXIV
Rowan
82.7%
Battleground '16
Erick Rowan
82.5%
Night of Champions '09
Jack Swagger
82.2%
Hell in a Cell '09
Jack Swagger
82.2%
WrestleMania XXVI
Jack Swagger
82.2%
Survivor Series '10
Jack Swagger
82.2%
Survivor Series '11
Wade Barrett
81.6%
TLC '10
Jack Swagger
81.5%
Survivor Series '11
Jack Swagger
81.5%
WrestleMania XXVIII
Jack Swagger
81.2%
Survivor Series '12
Wade Barrett
81.2%
Royal Rumble '14
Roman Reigns
81.1%
Over the Limit '12
Jack Swagger
81%
TLC '12
Wade Barrett
81%
WrestleMania XXVII
Wade Barrett
80.8%
Extreme Rules '09
Matt Hardy
80.6%
Bragging Rights '09
Matt Hardy
80.6%
WrestleMania XXVI
Matt Hardy
80.6%
Money in the Bank '10
Matt Hardy
80.6%
Money in the Bank '18
Braun Strowman
80.6%
Royal Rumble '20
Brock Lesnar
80.6%
Battleground '16
Braun Strowman
80.3%
Money in the Bank '19
Kevin Owens
79.6%
Elimination Chamber '10
Triple H
79.5%
Money in the Bank '18
Kevin Owens
79.2%
Money in the Bank '11
Jack Swagger
78.9%
Money in the Bank '14
Jack Swagger
78.7%
WrestleMania XXXII
Alberto Del Rio
78.2%
Survivor Series '08
Mark Henry
78%
WrestleMania XXV
Mark Henry
78%
Royal Rumble '19
Drew McIntyre
78%
WrestleMania XXV
Christian
77.9%
Elimination Chamber '19
AJ Styles
77.9%
WrestleMania XXVIII
Mark Henry
77.8%
WrestleMania XXVI
Christian
77.8%
Money in the Bank '10
Christian
77.8%
Bragging Rights '10
John Morrison
77.7%
Hell in a Cell '11
Jack Swagger
77.5%
Survivor Series '10
Alberto Del Rio
77.2%
Vengeance '11
Jack Swagger
77.1%
Elimination Chamber '11
Alberto Del Rio
76.5%
Clash of Champions '17
Rusev
76.4%
Money in the Bank '18
Rusev
76.4%
Survivor Series '12
Alberto Del Rio
76.3%
WrestleMania XXXII
Rusev
76.2%
SummerSlam '08
Santino Marella
75.7%
Bragging Rights '10
Santino Marella
75.7%
Survivor Series '09
Ted DiBiase, Jr.
75.7%
Elimination Chamber '10
Ted DiBiase, Jr.
75.7%
Survivor Series '16
Heath Slater
75.7%
Bragging Rights '09
R-Truth
75%
Bragging Rights '10
R-Truth
75%
Elimination Chamber '12
R-Truth
74.7%
WrestleMania XXVII
Heath Slater
74.6%
Money in the Bank '11
Rey Mysterio
74.3%
Survivor Series '15
Sin Cara
74.3%
TLC '15
Sin Cara
74.3%
WrestleMania XXV
MVP
74.2%
Extreme Rules '09
MVP
74.2%
Night of Champions '09
MVP
74.2%
WrestleMania XXVI
MVP
74.2%
Money in the Bank '11
Alberto Del Rio
74.2%
Elimination Chamber '15
Sin Cara
74.2%
SummerSlam '15
Sin Cara
74.2%
Clash of Champions '17
Shelton Benjamin
73%
Money in the Bank '11
R-Truth
72.4%
Crown Jewel '19
Luke Gallows
72%
Elimination Chamber '15
Darren Young
71.9%
Battleground '15
Darren Young
71.9%
SummerSlam '15
Darren Young
71.9%
Extreme Rules '15
Tyson Kidd
71.8%
Crown Jewel '19
Karl Anderson
71.7%
WrestleMania XXVI
Drew McIntyre
71.6%
Over the Limit '10
Drew McIntyre
71.6%
Fatal 4-
Way
Drew McIntyre
71.6%
Money in the Bank '10
Drew McIntyre
71.6%
PPV
Opponent
% Correct
Survivor Series '10
Drew McIntyre
71.6%
Battleground '13
Bray Wyatt
71.3%
Night of Champions '11
R-Truth
71.2%
Survivor Series '08
Shelton Benjamin
71.1%
WrestleMania XXV
Shelton Benjamin
71.1%
WrestleMania XXVI
Shelton Benjamin
71.1%
Crown Jewel '19
Robert Roode
70.8%
Elimination Chamber '15
Titus O'Neil
70.6%
Battleground '15
Titus O'Neil
70.6%
SummerSlam '15
Titus O'Neil
70.6%
WrestleMania XXVIII
Drew McIntyre
70.4%
Money in the Bank '16
Luke Gallows
70.3%
SummerSlam '16
Luke Gallows
70.3%
Clash of Champions '16
Luke Gallows
70.3%
Survivor Series '15
Kalisto
70.3%
TLC '15
Kalisto
70.3%
Payback '15
Tyson Kidd
70.2%
Elimination Chamber '15
Kalisto
70.2%
Elimination Chamber '15
Tyson Kidd
70.2%
SummerSlam '15
Kalisto
70.2%
Money in the Bank '16
Karl Anderson
70%
SummerSlam '16
Karl Anderson
70%
Clash of Champions '16
Karl Anderson
70%
Money in the Bank '18
Samoa Joe
69.9%
Elimination Chamber '19
Samoa Joe
69.9%
Bragging Rights '09
Tyson Kidd
69.6%
WrestleMania XXVI
Evan Bourne
69.4%
WrestleMania XXVII
Justin Gabriel
68.4%
Extreme Rules '19
Samoa Joe
67.8%
SummerSlam '08
Beth Phoenix
67.6%
Elimination Chamber '15
Diego
67.2%
SummerSlam '15
Diego
67.2%
Money in the Bank '11
Evan Bourne
66.9%
Survivor Series '15
Ryback
66.7%
WrestleMania XXV
Finlay
66.2%
Bragging Rights '09
Finlay
66.2%
Money in the Bank '18
Bobby Roode
66.2%
Elimination Chamber '15
Fernando
66%
SummerSlam '15
Fernando
66%
SummerSlam '12
Darren Young
64.3%
Crown Jewel '19
Zack Ryder
64%
Royal Rumble '15
Rusev
63.9%
Clash of Champions '17
Chad Gable
63.9%
Survivor Series '16
Chad Gable
63.9%
Survivor Series '16
Zack Ryder
63%
SummerSlam '12
Titus O'Neil
62.5%
TLC '11
Primo
62%
Night of Champions '09
Primo
61.7%
Crown Jewel '19
Curtis Axel
61.5%
Bragging Rights '10
Ezekiel Jackson
60.6%
WrestleMania XXVIII
David Otunga
60.6%
Night of Champions '09
Carlito
60.3%
Survivor Series '12
David Otunga
60.1%
Money in the Bank '16
Big Cass
60.1%
Money in the Bank '14
Rob Van Dam
60.1%
Survivor Series '16
Rhyno
59.7%
WrestleMania XXVII
Ezekiel Jackson
59.7%
TLC '11
Epico
59.4%
Crown Jewel '19
Otis
59.3%
Money in the Bank '16
Enzo Amore
59.2%
Night of Champions '15
Bubba Ray Dudley
58.7%
Hell in a Cell '15
Bubba Ray Dudley
58.7%
Night of Champions '15
D-Von Dudley
58.7%
Hell in a Cell '15
D-Von Dudley
58.7%
Survivor Series '16
Jason Jordan
58.5%
Night of Champions '13
Curtis Axel
57.1%
Crown Jewel '19
Scott Dawson
56.7%
TLC '19
Scott Dawson
56.7%
Clash of Champions '17
Aiden English
56.2%
Crown Jewel '19
Dash Wilder
56.1%
TLC '19
Dash Wilder
56.1%
Money in the Bank '16
Aiden English
55.9%
Survivor Series '08
William Regal
55.1%
Extreme Rules '09
William Regal
55.1%
Survivor Series '09
William Regal
55.1%
Elimination Chamber '15
Viktor
54.5%
Crown Jewel '19
Tucker
53.8%
Survivor Series '12
Damien Sandow
53.4%
Crown Jewel '19
Curt Hawkins
53.3%
Elimination Chamber '15
Konnor
52.7%
Crown Jewel '19
Bo Dallas
52.5%
Bragging Rights '09
David Hart Smith
50.9%
Survivor Series '16
Fandango
48.7%
Money in the Bank '16
Simon Gotch
46.2%
Survivor Series '16
Tyler Breeze
45.8%
Money in the Bank '15
Neville
43.7%
Crown Jewel '19
Erik
42.9%
Crown Jewel '19
Ivar
42.4%
Survivor Series '16
Mojo Rawley
42%
Crown Jewel '19
Lince Dorado
41.6%
Crown Jewel '19
Gran Metalik
41.5%
Money in the Bank '11
Alex Riley
41.1%
Royal Rumble '18
Andrade 'Cien' Almas
40.6%
Survivor Series '10
Tyler Reks
38.5%
Survivor Series '11
Hunico
35.9%
Greatest Royal Rumble
Elias
33.8%
Royal Rumble '09
The Brian Kendrick
26.8%
Money in the Bank '18
Finn Bálor
7.1%
Quiz Playlist
Details
Report
Send in Message
Add To Playlist
Classic:
Type in answers that appear in a list
Last Updated: May 25, 2020
Quiz Scoreboard
CHALLENGE
Sign Up to Join the Scoreboard
Show All
Scores
Hide
Comments
May contain spoilers
Recently Published
Holiday 10x10 Sorting Gallery
by lukepisani3
Holiday
15m
Two Season TV Shows II
by 123Four
Television
10m
Image Sorting: Flags VI
by Barbecue
Geography
2m
More to Explore
Quiz From the Vault
Featured Blog Post
14 Easter Pick-up Lines to Find Eggs With
hide this ad
You Might Also Like...
Tags
WWE Quiz
note
opponent
PPV
PPV Opponents
Today's Top Quizzes in Sports
Browse Sports
hide this ad
Today's Top Quizzes in WWE
Browse WWE
Top Contributed Quizzes in Sports
1
Les meilleurs buteurs des matchs entre le PSG et l’OM
2
Les entraîneurs de l'OM et du PSG au 21e siècle
3
2022 World Cup Stars
4
Les joueurs passés par le PSG et l'OM
5
Players with Multiple 50 Home Run Seasons
6
FIFA Club World Cup Champions
7
Top 10 NHL Goal Scorers of All Time
8
Les joueurs passés par le LOSC et le RC Lens
9
Criteria MLB: Left Handed Sluggers
10
2023 MLB Unique Player Accomplishments
Explore More
Trending Topics
Anime
Harry Potter
Kpop
Marvel
Crossword
Disney
NBA
WWE
Soccer
Puzzle
Song
NFL
The Office
Pokémon
Country
hide this ad
More By:
dudemanbearpig
Quiz
Plays
Rating
Category
Featured
Created
WWE Royal Rumble Final Four
309,135
4.45
Sports
Dec 1, 2009
Top 50 Females in Harry Potter
137,465
4.67
Literature
May 10, 2012
Top 25 Non-Humans in Harry Potter
68,940
4.83
Literature
Apr 30, 2012
WrestleMania: 5+ in a Row
63,682
4.54
Sports
Apr 3, 2012
Black WWE PPV Competitors
14,900
4.34
Sports
Nov 6, 2011
Go to Creator's Profile
Score Distribution
Quiz Creator Spotlight
dudemanbearpig
Follow
Send a Message
Quizzes Created
-
Created Quiz Play Count
-
More By This Creator
Popular Quizzes Today
1
Find the US States - No Outlines Minefield
2
Colored Red Africa Blitz
3
Find the 'City' Movie
4
The Countries of the World
5
5x2 Blitz: Bands
6
Find the US States
7
Find the Countries of Europe - No Outlines Minefield
8
US States
More Sports Quizzes
NBA 5-Year Scoring - Boston Celtics
Published
Trending Quizzes
Colored Red Europe Blitz I
Colored Red Europe Blitz II
Colored Red Africa Blitz II
Colored Red Europe Blitz III
Colored Red Africa Blitz III
Recently Updated
Odd Team Out - Big 4 Players
pecheneg
Quick Pick: 20 Twenties
pecheneg
March Madness Men's Triple Doubles
pecheneg
How Do You Spell That?
pecheneg
Godzilla Movies
pecheneg
Grab Bag: 4-10 Letters
pecheneg
2024 March Madness Bracket
pecheneg
Famous TV Couples
Peacemaker
Champions League XIs: Real Madrid
pecheneg
Largest US Cities 1790-2010
pecheneg
Trending Topics
Anime
Harry Potter
NBA
Marvel
Disney
Crossword
Kpop
Country
The Office
NFL
Pokémon
Soccer
Puzzle
WWE
Song
Your Account Isn't Verified!
In order to create a playlist on Sporcle, you need to verify the email address you used during registration. Go to your
Sporcle Settings
to finish the process.
Report this User
Report this user for behavior that violates our
Community Guidelines
.
Details:
Send Report
Go to the Sporcle.com Mobile Site →
Comments